Whistler phenomena (Record no. 14580)

MARC details
000 -LEADER
fixed length control field 00788nam a2200241Ia 4500
003 - CONTROL NUMBER IDENTIFIER
control field IN-BaIIA
008 - FIXED-LENGTH DATA ELEMENTS--GENERAL INFORMATION
fixed length control field 211028s9999 xx 000 0 eng d
020 ## - INTERNATIONAL STANDARD BOOK NUMBER
International Standard Book Number 0-7923-6995-5
040 ## - CATALOGING SOURCE
Transcribing agency IIA Library
080 ## - UNIVERSAL DECIMAL CLASSIFICATION NUMBER
Universal Decimal Classification number 52(082.1)
Item number ASS-262
245 #0 - TITLE STATEMENT
Title Whistler phenomena
Remainder of title short impulse propagation
Statement of responsibility, etc. edited by Csaba Ferencz…[et al.]
260 ## - PUBLICATION, DISTRIBUTION, ETC.
Place of publication, distribution, etc. Dordrecht
Name of publisher, distributor, etc. Kluwer Academic
Date of publication, distribution, etc. 2001
300 ## - PHYSICAL DESCRIPTION
Extent x, 260p.
490 ## - SERIES STATEMENT
Series statement Astrophysics and space science library; v. 262
650 ## - SUBJECT ADDED ENTRY--TOPICAL TERM
Topical term or geographic name entry element Electron plasma
9 (RLIN) 25932
650 ## - SUBJECT ADDED ENTRY--TOPICAL TERM
Topical term or geographic name entry element Electronic wave propagation
9 (RLIN) 25933
650 ## - SUBJECT ADDED ENTRY--TOPICAL TERM
Topical term or geographic name entry element Maxwell's equations
9 (RLIN) 25934
700 ## - ADDED ENTRY--PERSONAL NAME
Personal name Ferencz, Csaba
9 (RLIN) 25935
700 ## - ADDED ENTRY--PERSONAL NAME
Personal name Ferencz, Orsolya E., ed.
9 (RLIN) 25936
700 ## - ADDED ENTRY--PERSONAL NAME
Personal name Hamar, Daniel., ed.
9 (RLIN) 25937
700 ## - ADDED ENTRY--PERSONAL NAME
Personal name Lichtenberger, Janos., ed.
9 (RLIN) 25938
942 ## - ADDED ENTRY ELEMENTS (KOHA)
Koha item type Books
Holdings
Withdrawn status Lost status Damaged status Not for loan Home library Current library Shelving location Date acquired Source of acquisition Cost, normal purchase price Total Checkouts Full call number Barcode Date last seen Cost, replacement price Price effective from Koha item type Purchase Price
        IIA Library-Bangalore IIA Library-Bangalore General Stacks 16/04/2002 ANJ 4701.40   52(082.1)/ ASS-262 15502 05/11/2021 4701.40 16/04/2002 Books Rs. 4701.40

Powered by Koha